|
|
|
|
| LEADER |
01629nam a2200349 i 4500 |
| 001 |
39992 |
| 003 |
BD-DhAAL |
| 008 |
221108t20172017vra b 001 0 eng d |
| 999 |
|
|
|c 44762
|d 44762
|
| 020 |
|
|
|a 9781925716085
|
| 020 |
|
|
|a 9781925716092
|
| 035 |
|
|
|a (OCoLC)1043178772
|
| 040 |
|
|
|a VSL
|b eng
|e rda
|c VSL
|d VSL
|d ANL
|d BD-DhAAL
|
| 042 |
|
|
|a anuc
|
| 043 |
|
|
|a u-at---
|
| 082 |
0 |
4 |
|a 658.300994
|2 23
|
| 100 |
1 |
|
|a Fazey, Mike,
|e author.
|9 52266
|
| 245 |
1 |
0 |
|a Essential competencies for HRM /
|c Mike Fazey.
|
| 246 |
3 |
3 |
|a Essential competencies for human resources management
|
| 250 |
|
|
|a First edition first printing.
|
| 264 |
|
1 |
|a Prahran, VIC :
|b Mirabel Publishing,
|c c2017.
|
| 300 |
|
|
|a ix, 185 pages :
|b illustrations ;
|c 25 cm.
|
| 504 |
|
|
|a Includes bibliographical references and index.
|
| 526 |
|
|
|a BBS
|
| 541 |
|
|
|a Karim International
|e 39992, 39993, 39994
|
| 650 |
|
0 |
|a Personnel management
|z Australia.
|9 52267
|
| 650 |
|
0 |
|a Management.
|9 52268
|
| 852 |
|
|
|a Ayesha Abed Library
|c General Stacks
|
| 942 |
|
|
|2 ddc
|c BK
|
| 952 |
|
|
|0 0
|1 0
|2 ddc
|4 0
|6 658_300994000000000_FAZ
|7 0
|9 72228
|a BRACUL
|b BRACUL
|c GEN
|d 2022-10-27
|e Karim International
|g 5920.00
|l 0
|o 658.300994 FAZ
|p 3010039992
|r 2022-10-27
|t 1
|v 5920.00
|w 2022-10-27
|y BK
|
| 952 |
|
|
|0 0
|1 0
|2 ddc
|4 0
|6 658_300994000000000_FAZ
|7 0
|9 72229
|a BRACUL
|b BRACUL
|c GEN
|d 2022-10-27
|e Karim International
|g 5920.00
|l 0
|o 658.300994 FAZ
|p 3010039993
|r 2022-10-27
|t 2
|v 5920.00
|w 2022-10-27
|y BK
|
| 952 |
|
|
|0 0
|1 0
|2 ddc
|4 0
|6 658_300994000000000_FAZ
|7 0
|9 72230
|a BRACUL
|b BRACUL
|c GEN
|d 2022-10-27
|e Karim International
|g 5920.00
|l 3
|m 10
|o 658.300994 FAZ
|p 3010039994
|r 2025-05-25
|s 2025-04-26
|t 3
|v 5920.00
|w 2022-10-27
|y BK
|